000 00900nam a2200301Ia 4500
003 GCL
008 140319s9999 xx 000 0 ara d
040 _aGCL /
_cGCL
082 0 4 _aط
_b521.1
_bو ر
100 1 _aوورفيل, روى
245 1 0 _aريادة الفضاء /
_cوورفيل, روى
700 1 _aوجيه السمان
260 _a[S.N] :
_bمكتبة الانجلوالمصرية
300 _a50 ص
490 _aالانجازات الحضارية
_v0
650 0 4 _aالفضاء
650 0 4 _aالاطفال
650 0 4 _aالصواريخ
650 0 4 _aالغلاف الجوى
650 0 4 _aسفن الفضاء
650 0 4 _aالاقمار الصناعية
650 0 4 _aمركبات الفضاء
650 0 4 _aرحلات الفضاء
650 0 4 _aالفضاء الخارجى
650 0 4 _aرواد الفضاء
650 0 4 _aالقمر
942 _2ddc
_cBK
999 _c32733
_d32733